Słowa zaczynające się na W, a zakończone na A - Statystyki

Ogólne statystyki
  • Ten quiz został rozwiązany 31 razy
  • Średni wynik to 13 z 67
Statystyki odpowiedzi
Odpowiedź % Poprawnych
wanna
80%
woda
80%
waga
64%
wada
60%
waza
60%
wata
56%
walka
52%
wola
52%
ważka
48%
wrota
44%
wędka
40%
wina
40%
wojna
40%
wrona
40%
wiara
36%
wiza
36%
wydra
36%
wiata
24%
wieża
24%
wiosna
24%
wróżka
24%
wazelina
20%
wełna
20%
wioska
20%
wizyta
20%
wsza
20%
weryfikacja
16%
wierzba
16%
willa
16%
wiolonczela
16%
wyspa
16%
wiewiórka
12%
władza
12%
wróżba
12%
wydma
12%
waluta
8%
wątroba
8%
wiertarka
8%
wizytówka
8%
wtyczka
8%
wycieczka
8%
wycieraczka
8%
wygrana
8%
wymiana
8%
wegetacja
4%
wibracja
4%
widownia
4%
witamina
4%
włóczka
4%
włócznia
4%
wokalista
4%
wołowina
4%
wstążka
4%
wypłata
4%
wystawa
4%
wędrówka
0%
wiedźma
0%
wieprzowina
0%
wigilia
0%
witryna
0%
wsuwka
0%
wychowawca
0%
wymówka
0%
wyprawa
0%
wyszukiwarka
0%
wytyczna
0%
wywiadówka
0%
Nie znaleziono quizów pasujących do podanych kryteriów
Rozkład punktacji
Procent ludzi z każdym wynikiem
Percentyl według liczby udzielonych odpowiedzi
Twoja historia wyników
Nie rozwiązałeś tego quizu